「ぬ」返しできる言葉10選 - Statistics

General Stats
  • This quiz has been taken 15 times
  • The average score is 2 of 10
Answer Stats
Answer Hint % Correct
濡れ衣 無実の罪。「-を着せる」
100%
ヌーヴェル・キュイジーヌ 「複雑さの排除」などならなるフランス料理界の新しい料理スタイル
31%
ヌイイ=シュル=セーヌ シャネルの本店などが位置する、フランスの高級住宅地
23%
ヌール・バヌ オスマン皇帝・セリム2世の正妻
15%
ヌガティーヌ フロランタンの上部などに用いる、カラメルにアーモンドを混ぜたお菓子
15%
ヌワンコ・カヌ ナイジェリアのクラブ・エニンバFCの代表を務める元サッカー選手
15%
温々ぬぬ BL漫画家。『春を見たくなったんだ』『縁は鎖でつなぐもの』
15%
ヌ・シャボンヌ ベースボーカルの松本愛美を中心とした4人組バンド。2017年に解散
8%
ヌイイ=シュル=マルヌ 第4回十字軍の勧告も行われたサン・ボーディル教会も位置するフランスの町
8%
ヌーヌ リゾート開発も進む、モルディブ北部の環礁
8%
No matching quizzes found
Score Distribution
Percent of People with Each Score
Percentile by Number Answered
Your Score History
You have not taken this quiz